000 00355nam a2200109Ia 4500
008 180315s9999 xx 000 0 und d
020 _a9780071622097
100 _aMuzio, Ed
245 _aMake work great :
_bSupercharge your team, reinvent the culture, and gain influence one person at a time
260 _aUSA :
_b2010
_cmcGrawHill
300 _aV, 221 pages
999 _c356296
_d356296